000 00414nam a22001577a 4500
005 20260218152158.0
008 260218b |||||||| |||| 00| 0 eng d
020 _a978-81-203-4699-4
050 _aQA 9.64.S55 2013
100 _aSHINGHAL RAJJAN
245 _aINTRODUCTION TO FUZZY LOGIC
260 _aDELHI
_bPH LEARNING PRIVATE LIMITED
300 _aX,127
500 _aINCLUDES AN INDEX
942 _2lcc
_cBK
999 _c216587
_d216587